| 000 | 00536nam a2200169 a 4500 | ||
|---|---|---|---|
| 001 | 1529 | ||
| 005 | 20140414131927.0 | ||
| 008 | 001120s19uu xx 00 eng d | ||
| 050 |
_aER _bR55 1990 |
||
| 100 | _aMcSpadden, J. Walker | ||
| 245 |
_aRobin Hood / _cillustrated by Greg Hilderbrandt ; adapted from the novel by J. Walker McSpadden. |
||
| 260 |
_aNew Jersey : _bThe Unicorn Pub. House, _c1990. |
||
| 300 | _a1 v.p. : ill., col. ; cm. | ||
| 650 | _aRobin Hood (Legendary Character). | ||
| 650 | _aFolktales. | ||
| 999 |
_c112051 _d112051 |
||